[Event "Mem op Francisco Codes 12th"]
[White "Pena Marina, Jose Maria"]
[Black "Montero Montero, Juan Jose"]
[Site "Madrid"]
[Round "9.4"]
[Result "1/2-1/2"]
[Date "2018.06.10"]
[WhiteElo "1683"]
[BlackElo "1676"]
[PlyCount "64"]
[EventDate "2018.04.08"]
[EventType "swiss"]
[EventRounds "9"]
[EventCountry "ESP"]
[SourceTitle "EXT 2024"]
[Source "ChessBase"]
[SourceDate "2023.10.10"]
[SourceVersion "1"]
[SourceVersionDate "2023.10.10"]
[SourceQuality "1"]

1. c4 b6 2. Nf3 Bb7 3. Nc3 e6 4. d4 Bb4 5. Bd2 Ne7 6. e3 Ng6 7. Be2 a6 8. a3 Be7 9. e4 d6 10. 0-0 Nd7 11. b4 0-0 12. Rc1 c5 13. d5 Nge5 14. Nxe5 Nxe5 15. f4 Nd7 16. dxe6 fxe6 17. Bg4 Rf6 18. Qe2 cxb4 19. axb4 e5 20. Nd5 Bxd5 21. exd5 a5 22. Be6+ Kh8 23. Bxd7 Qxd7 24. fxe5 Rxf1+ 25. Rxf1 dxe5 26. Qxe5 axb4 27. Be3 Bd6 28. Qe4 Bc5 29. Bxc5 bxc5 30. Qe3 Qd6 31. Re1 h6 32. Qe7 Qb6 1/2-1/2

[Event "Madrid-ch Seniors 50"]
[White "Pena Marina, Jose Maria"]
[Black "Martin Rodriguez, Jose Luis"]
[Site "Madrid"]
[Round "6"]
[Result "1-0"]
[Date "2018.01.15"]
[WhiteElo "1705"]
[BlackElo "1302"]
[PlyCount "58"]
[EventDate "2018.01.08"]
[EventType "swiss"]
[EventRounds "9"]
[EventCountry "ESP"]
[SourceTitle "CBM 182 Extra"]
[Source "ChessBase"]
[SourceDate "2018.02.23"]
[SourceVersion "1"]
[SourceVersionDate "2018.02.23"]
[SourceQuality "1"]

1. c4 e5 2. Nc3 Nf6 3. Nf3 Nc6 4. g3 d5 5. cxd5 Nxd5 6. Bg2 Nxc3 7. bxc3 Bd6 8. 0-0 0-0 9. d3 Be6 10. Qc2 Rb8 11. a4 a5 12. Rb1 h6 13. h3 Ne7 14. d4 exd4 15. Nxd4 Qc8 16. Nxe6 fxe6 17. Qb3 b6 18. Rd1 Ng6 19. Ba3 Bxa3 20. Qxa3 Rd8 21. Qb3 Rxd1+ 22. Rxd1 Qe8 23. h4 Rd8 24. Rxd8 Qxd8 25. Qxe6+ Kh7 26. Be4 Qf6 27. Qxf6 gxf6 28. h5 Kg7 29. hxg6 Kf8 1-0

[Event "Madrid-ch Seniors 50"]
[White "Prieto Gonzalez, Cesar"]
[Black "Pena Marina, Jose Maria"]
[Site "Madrid"]
[Round "5"]
[Result "1-0"]
[Date "2018.01.12"]
[WhiteElo "1515"]
[BlackElo "1705"]
[PlyCount "81"]
[EventDate "2018.01.08"]
[EventType "swiss"]
[EventRounds "9"]
[EventCountry "ESP"]
[SourceTitle "CBM 182 Extra"]
[Source "ChessBase"]
[SourceDate "2018.02.23"]
[SourceVersion "1"]
[SourceVersionDate "2018.02.23"]
[SourceQuality "1"]

1. e4 e6 2. d3 d5 3. Nd2 Nf6 4. Ngf3 c5 5. g3 Nc6 6. Bg2 dxe4 7. dxe4 e5 8. h3 Be7 9. 0-0 0-0 10. Re1 Qc7 11. Qe2 Bd7 12. c3 Rad8 13. Nh4 Qc8 14. Kh2 Ne8 15. Ndf3 f6 16. Bf1 Nd6 17. Be3 b6 18. Rad1 Be6 19. Nd2 Na5 20. b3 Rd7 21. f4 Nc6 22. f5 Bf7 23. Bg2 Qe8 24. Bf3 Rc7 25. Rg1 Kh8 26. g4 h6 27. Rg2 Rg8 28. Rg3 Kh7 29. Rdg1 g5 30. fxg6+ Bxg6 31. Nf5 Bxf5 32. gxf5 Rxg3 33. Rxg3 Bd8 34. Bh5 Qf8 35. Qg2 Nf7 36. h4 Kh8 37. Nf3 Na5 38. Kh3 Nb7 39. Nh2 Nbd6 40. Ng4 Nxe4 41. Qxe4 1-0

[Event "Madrid Codes Memorial 11th"]
[White "Pena Marina, Jose Maria"]
[Black "Barragan Arriaza, Pablo"]
[Site "Madrid"]
[Round "3"]
[Result "0-1"]
[Date "2017.04.23"]
[WhiteElo "1719"]
[BlackElo "1920"]
[PlyCount "46"]
[EventDate "2017.04.02"]
[EventType "swiss"]
[EventRounds "9"]
[EventCountry "ESP"]
[SourceTitle "EXT 2019"]
[Source "ChessBase"]
[SourceDate "2018.10.10"]
[SourceVersion "1"]
[SourceVersionDate "2018.10.10"]
[SourceQuality "1"]

1. c4 c5 2. Nf3 Nc6 3. d4 cxd4 4. Nxd4 g6 5. Nc3 Bg7 6. Nf3 Nf6 7. e4 d6 8. Be2 0-0 9. 0-0 h6 10. h3 Bd7 11. Be3 Rc8 12. Qd2 Kh7 13. Rac1 Ne8 14. Nd4 a6 15. f4 e5 16. Nxc6 Rxc6 17. f5 Nf6 18. Rf2 b5 19. cxb5 Rxc3 20. fxg6+ fxg6 21. Qxc3 Nxe4 22. Rxf8 Qxf8 23. bxa6 Nxc3 0-1

[Event "Madrid Codes Memorial 11th"]
[White "Santacruz Sanchez, Jose Luis"]
[Black "Pena Marina, Jose Maria"]
[Site "Madrid"]
[Round "1"]
[Result "0-1"]
[Date "2017.04.02"]
[WhiteElo "1272"]
[BlackElo "1719"]
[PlyCount "86"]
[EventDate "2017.04.02"]
[EventType "swiss"]
[EventRounds "9"]
[EventCountry "ESP"]
[SourceTitle "EXT 2019"]
[Source "ChessBase"]
[SourceDate "2018.10.10"]
[SourceVersion "1"]
[SourceVersionDate "2018.10.10"]
[SourceQuality "1"]

1. e4 e6 2. Nf3 d5 3. exd5 exd5 4. d4 Nf6 5. Bd3 Bd6 6. Nc3 0-0 7. Be3 Bg4 8. h3 Bh5 9. g4 Bg6 10. Qd2 c6 11. 0-0-0 Nbd7 12. a3 Re8 13. Nh4 Bxd3 14. Qxd3 Ne4 15. Nf5 Bf8 16. h4 Nb6 17. f3 Nxc3 18. Qxc3 Nc4 19. Bf4 Qd7 20. Ne3 b5 21. b4 Bd6 22. Bxd6 Rxe3 23. Rd3 Rxd3 24. Qxd3 Nxd6 25. h5 Re8 26. g5 Qe6 27. f4 Qe3+ 28. Kb1 Qxd3 29. cxd3 Re2 30. Rc1 Nc4 31. dxc4 dxc4 32. Rd1 Re6 33. d5 Rd6 34. Kc1 cxd5 35. Kc2 d4 36. Re1 Re6 37. Rd1 Re2+ 38. Rd2 Rxd2+ 39. Kxd2 g6 40. h6 f6 41. Ke2 fxg5 42. fxg5 Kf7 43. Kd2 Ke6 0-1

[Event "Madrid-ch Previa-B"]
[White "Pena Marina, Jose Maria"]
[Black "Alameda Arellano, Cristeto"]
[Site "Madrid"]
[Round "6"]
[Result "1/2-1/2"]
[Date "2017.02.17"]
[WhiteElo "1762"]
[BlackElo "1507"]
[PlyCount "111"]
[EventDate "2017.02.02"]
[EventType "swiss"]
[EventRounds "9"]
[EventCountry "ESP"]
[SourceTitle "EXT 2018"]
[Source "ChessBase"]
[SourceDate "2017.10.13"]
[SourceVersion "1"]
[SourceVersionDate "2017.10.13"]
[SourceQuality "1"]

1. c4 c6 2. Nc3 d5 3. cxd5 cxd5 4. d4 Nf6 5. Nf3 Nc6 6. e3 a6 7. Be2 Bg4 8. h3 Bh5 9. 0-0 e6 10. Re1 Bd6 11. a3 0-0 12. Bd2 Bc7 13. Rc1 Qd6 14. b4 b5 15. Qc2 Bg6 16. Nxb5 Bxc2 17. Nxd6 Ba4 18. Nb7 Rfb8 19. Nc5 Bb5 20. Bxb5 axb5 21. Nxe6 fxe6 22. Rxc6 Bd8 23. Rec1 Ne4 24. Be1 Kf7 25. Ne5+ Ke7 26. f3 Nd6 27. R6c3 Ke8 28. Nc6 Rc8 29. Nxd8 Rxc3 30. Rxc3 Kxd8 31. Bd2 Nc4 32. Bc1 Kd7 33. Kf2 Kd6 34. Ke2 e5 35. Kd3 Rf8 36. Ke2 Re8 37. Rd3 e4 38. fxe4 dxe4 39. Rc3 Kd5 40. Rc2 Rf8 41. Ke1 g5 42. Rf2 Rxf2 43. Kxf2 h5 44. Kg3 Nd6 45. Kf2 h4 46. g3 Nf5 47. gxh4 gxh4 48. Bd2 Kc4 49. Ke2 Kd5 50. Be1 Kc4 51. Bf2 Kd5 52. Kd2 Kc4 53. Kc2 Ng3 54. Kd2 Nf5 55. Kc2 Ng3 56. Kd2 1/2-1/2

[Event "Madrid-ch Previa-B"]
[White "Alvear Zapata, Juan Pablo"]
[Black "Pena Marina, Jose Maria"]
[Site "Madrid"]
[Round "3"]
[Result "1-0"]
[Date "2017.02.04"]
[WhiteElo "1503"]
[BlackElo "1762"]
[PlyCount "29"]
[EventDate "2017.02.02"]
[EventType "swiss"]
[EventRounds "9"]
[EventCountry "ESP"]
[SourceTitle "EXT 2018"]
[Source "ChessBase"]
[SourceDate "2017.10.13"]
[SourceVersion "1"]
[SourceVersionDate "2017.10.13"]
[SourceQuality "1"]

1. e4 e6 2. d4 d5 3. Nc3 Nf6 4. e5 Nfd7 5. Nce2 c5 6. c3 Nc6 7. Nf3 Be7 8. Ng3 0-0 9. Bd3 Re8 10. h4 Nf8 11. Ng5 cxd4 12. Bxh7+ Nxh7 13. Qh5 Nxg5 14. hxg5 f5 15. g6 1-0

[Event "Madrid Codes Memorial 9th"]
[White "Garcia Maurino Ayora, Gabriel"]
[Black "Pena Marina, Jose Maria"]
[Site "Madrid"]
[Round "1"]
[Result "0-1"]
[Date "2015.03.29"]
[WhiteElo "1554"]
[BlackElo "1815"]
[PlyCount "96"]
[EventDate "2015.03.29"]
[EventType "swiss"]
[EventRounds "9"]
[EventCountry "ESP"]
[SourceTitle "EXT 2019"]
[Source "ChessBase"]
[SourceDate "2018.10.10"]
[SourceVersion "1"]
[SourceVersionDate "2018.10.10"]
[SourceQuality "1"]

1. d4 Nf6 2. c4 g6 3. f3 d6 4. e4 Bg7 5. Be3 0-0 6. Nc3 e5 7. d5 a5 8. a4 Na6 9. Bd3 Nd7 10. b3 Ndc5 11. Bc2 f5 12. h3 f4 13. Bf2 Bf6 14. Nge2 Bh4 15. 0-0 Bxf2+ 16. Rxf2 h5 17. Kh2 h4 18. Nc1 Qg5 19. N3e2 Kg7 20. Ra2 Nb4 21. Rb2 Rh8 22. Rf1 Rh5 23. Rg1 Bd7 24. Qe1 Rah8 25. Bb1 Qd8 26. Qd2 Rg5 27. Na2 Nca6 28. Nxb4 Nxb4 29. Bd3 Qe8 30. Rbb1 Rg3 31. Nc3 Bxh3 32. Bf1 Bd7 33. Ne2 Qd8 34. Rh1 Qg5 35. Kg1 h3 36. Nxg3 Qxg3 37. Rh2 hxg2 38. Qxg2 Rxh2 39. Qxg3 fxg3 40. Bg2 b6 41. Rd1 Nc2 42. Rd2 Ne3 43. Re2 Nxg2 44. Rxg2 Rxg2+ 45. Kxg2 Kf6 46. Kxg3 Kg5 47. Kg2 Kf4 48. Kf2 Bh3 0-1

[Event "Tres Cantos op 1st"]
[White "Pena Marina, Jose Maria"]
[Black "Garcia Salamero, Hector"]
[Site "Tres Cantos"]
[Round "1"]
[Result "0-1"]
[Date "2009.06.06"]
[WhiteElo "1949"]
[BlackElo "1650"]
[PlyCount "146"]
[EventDate "2009.06.06"]
[EventType "swiss"]
[EventRounds "9"]
[EventCountry "ESP"]
[SourceTitle "EXT 2010"]
[Source "ChessBase"]
[SourceDate "2010.11.25"]
[SourceVersion "1"]
[SourceVersionDate "2010.11.25"]
[SourceQuality "1"]

1. c4 e6 2. Nc3 d5 3. d4 Nf6 4. Nf3 c6 5. e3 Bd6 6. Bd3 0-0 7. 0-0 Nbd7 8. c5 Bc7 9. b4 e5 10. dxe5 Nxe5 11. Be2 Nfg4 12. g3 Nxf3+ 13. Bxf3 Ne5 14. Be2 Nc4 15. Qc2 Qf6 16. Rb1 Bh3 17. Rd1 Be5 18. Na4 b5 19. cxb6 axb6 20. b5 cxb5 21. Rxb5 Bd7 22. Rbxd5 Bxa4 23. Qxc4 Bxd1 24. Rxd1 Rfd8 25. Rf1 Rac8 26. Qe4 Bb2 27. Bxb2 Qxb2 28. Bc4 Qc3 29. Bb3 Rd2 30. Qb7 Qc7 31. Qf3 Rd6 32. Qf4 Rh6 33. Qxc7 Rxc7 34. Rd1 Kf8 35. Kg2 Ke7 36. Rd4 Rf6 37. h3 Rc1 38. Ra4 Rc7 39. Re4+ Kd7 40. Rh4 h6 41. Rf4 Rxf4 42. exf4 Kd6 43. g4 Kc5 44. g5 h5 45. f5 Kd4 46. g6 f6 47. Kg3 Rc3+ 48. f3 b5 49. Be6 b4 50. Kf4 Rc2 51. Kg3 Rc3 52. Kg2 Ke3 53. Kg3 h4+ 54. Kg4 Rd3 55. f4 Kf2 56. Bc8 Kg2 57. Bb7+ Kh2 58. Kxh4 Rxh3+ 59. Kg4 Rd3 60. Bc8 Kg2 61. Be6 Kf2 62. Bc4 Rc3 63. Bd5 Ke2 64. Be6 Kd2 65. Bf7 Kc2 66. Be6 Kb2 67. Bf7 Ka3 68. Bb3 Rxb3 69. axb3 Kxb3 70. Kf3 Kc4 71. Ke3 b3 72. Kd2 Kd4 73. Kc1 Kc3 0-1